000 01011nam a2200241Ii 4500
003 JO-AjNU
005 20240629113514.0
008 230605s9999||||xx |||||||||||||| ||und||
040 _aJO-AjNU
_bara
_erda
_cJO-AjNU
041 _aara
050 1 4 _aKMM101.6.2021
100 1 _aالغزو، علي مصطفى سليم
_eمعد
_965791
245 2 0 _aالمسؤولية للناقل البحري في عقود CIF في التشريع الاردني=Civil Liability of the marine carrier in CIF contracts in Accordance with Jordanian Legislation /
260 _c2021
300 _a82 ورقة
336 _atext
_btxt
_2rdacontent
337 _aunmediated
_bn
_2rdamedia
338 _avolume
_bnc
_2rdacarrier
500 _aرسالة جامعية(اطروحة ماجستير) تخصص القانون /كليةالحقوق جامعة عجلون الوطنية، 2021
650 4 _aالقانون البحري-الاردن
_962530
700 1 _aبني مقداد، محمد
_965792
_eمشرف
942 _2lcc
_cTHS
999 _c31887
_d31887